| 000 | 00484nam a2200157Ia 4500 | ||
|---|---|---|---|
| 008 | 190717s9999 xx 000 0 und d | ||
| 100 | _aHinunangan, Thaddeus | ||
| 245 | _aTingloy island: paradise found/ | ||
| 245 | _cThaddeus Hinunangan | ||
| 260 | _bFAME Inc. | ||
| 260 | _c2018 | ||
| 300 | _aPages 50-53, August 2018 | ||
| 440 |
_aHealthy and Lifestyle: Keeping the Nation's Lungs Healthy/ _v12/30/1899 5:08:00 PM |
||
| 650 | _aTingloy island -- Batangas | ||
| 650 | _aTourism | ||
| 999 |
_c361984 _d361984 |
||